00881pam a2200289 a 45000010005000000030006000050050017000110080041000280100017000690200025000860200018001110200018001290350012001470400023001590500021001820820016002031000019002192450064002382600038003023000047003405050007003875200108003945210019005025210019005216500036005406500015005768339FISKH20250909151816.0930513s1994 nyua j 000 0 eng  a 93022800  a0823411095 :c$15.95 a9780823412440 a9780823411092 a3942337 aDLCcDLCdDLCbeng00aQA117b.L44 199400a513.2/62201 aLeedy, Loreen.10aFraction action /cwritten and illustrated by Loreen Leedy. aNew York :bHoliday House,c1994. a31 pages : bcolor illustrations ; c28 cm aM  aMiss Prime and her animal students explore fractions by finding many examples in the world around them.8 a530 bLexile 8 aM bRaz-Plus  0aFractionsxJuvenile literature. 1aFractions.